000 00539nam a2200205 a 4500
001 16485
003 CO-ViMGA
008 141112s2004 ck r 000 u spa d
020 _a888840502X
040 _aCO-ViMGA
_bspa
_cCO-ViMGA
082 0 4 _a853.91 A581
100 1 _aAlvaro, Corrado
_923530
245 1 0 _aGente del Aspromonte
260 _aCesena ( Italia) :
_b2001
300 _a112.p.
490 _aUn mar de sueños
590 _aForma de adquisición : Premio - Mincultura
650 1 4 _aNOVELA ITALIANA
_92688
942 _2ddc
_cBK
999 _c26304
_d26304